| 000 | 00860nmm a2200265 a 4500 | ||
|---|---|---|---|
| 001 | ocm0002347396 | ||
| 003 | TR-IsHL | ||
| 005 | 20201028184748.0 | ||
| 008 | 190517s2019 tu eng | ||
| 007 | cr cn | ||
| 020 | _a9786057876690 | ||
| 035 |
_a2347396 _b(N$T) |
||
| 050 | 0 | 4 |
_aPQ2668.A7435 _bD863 2019 |
| 090 | 0 | 4 |
_aPQ2668.A7435 _bD863 2019 |
| 100 | 1 | _aDumas, Alexandre | |
| 245 | 1 | 0 |
_aTwenty years after _h[electronic resource] / _cAlexandre Dumas |
| 260 |
_aİstanbul : _be-Kitap Projesi & Cheapest Books, _c2019 |
||
| 300 | _a955 p. | ||
| 650 | 4 | _aDil ve Edebiyat | |
| 650 | 4 | _aLanguage and Literature | |
| 650 | 0 | _aFransız romanı | |
| 650 | 0 | _aFrench fiction | |
| 650 | 7 |
_aLITERARY COLLECTIONS / European / French _2bisacsh |
|
| 856 | 4 | 0 | _uhttp://search.ebscohost.com/login.aspx?direct=true&scope=site&db=e011xww&AN=2347396 |
| 999 |
_c21154 _d21154 |
||